MARC

LEADER 00000nam0a2200000 4500
001 38256
005 20231031005326.0
035 |a (RuTPU)RU\TPU\book\38940 
090 |a 38256 
100 |a 20020227d1977 k y0rusy50 ca 
101 1 |a rus  |c eng 
102 |a RU 
105 |a a z 000zy 
200 1 |a Лазеры  |e пер. с англ.  |f Под ред. В. П. Павлова 
210 |a Москва  |c Наука  |d 1977 
215 |a 152 с.  |c ил. 
225 1 |a Над чем думают физики  |v Вып. 11 
610 1 |a лазерная техника 
610 1 |a лазеры 
610 1 |a жидкие лазеры 
610 1 |a молекулярные лазеры 
610 1 |a голография 
610 1 |a оптические свойства 
675 |a 621.373.8  |v 3 
702 1 |a Павлов  |b В. П.  |4 340 
801 1 |a RU  |b 63413507  |c 20020227  |g PSBO 
801 2 |a RU  |b 63413507  |c 20060801  |g PSBO 
942 |c BK